书目信息 |
| 题名: |
教育教学理论与方法探索
|
|
| 作者: | 韦明 主编 | |
| 分册: | ||
| 出版信息: | 成都 西南财经大学出版社 2009 |
|
| 页数: | 355页 | |
| 开本: | 26cm | |
| 丛书名: | ||
| 单 册: | ||
| 中图分类: | G640-53 , G642-53 | |
| 科图分类: | ||
| 主题词: | 高等学校--教育理论--文集 , 高等学校--教学研究--文集 , 高等学校 , 教育理论 , 教学研究 | |
| 电子资源: | ||
| ISBN: | 978-7-81138-528-1 | |
| 000 | 00965nam0 2200289 45 | |
| 001 | 1034518944 | |
| 005 | 20100319084928.31 | |
| 010 | @a978-7-81138-528-1@dCNY48.00 | |
| 100 | @a20100311d2009 em y0chiy50 ea | |
| 101 | 0 | @achi |
| 102 | @aCN@b510000 | |
| 105 | @ay z 000yy | |
| 106 | @ar | |
| 200 | 1 | @a教育教学理论与方法探索@AJiao Yu Jiao Xue Li Lun Yu Fang Fa Tan Suo@f韦明主编@FWei Ming Zhu Bian |
| 210 | @a成都@c西南财经大学出版社@d2009 | |
| 215 | @a355页@d26cm | |
| 330 | @a本书收录由海南大学儋州校区管理学院教职工根据自身工作实践撰写的关于新时期高校教育教学改革的论文64篇,内容涉及教学改革、学科建设、课程教学、教学实践、素质教育等。 | |
| 606 | 0 | @a高等学校@x教育理论@j文集 |
| 606 | 0 | @a高等学校@x教学研究@j文集 |
| 606 | 0 | @a高等学校 |
| 606 | 0 | @a教育理论 |
| 606 | 0 | @a教学研究 |
| 690 | @aG640-53@v4 | |
| 690 | @aG642-53@v4 | |
| 701 | 0 | @a韦明@AWei Ming@4主编 |
| 801 | 0 | @aCN@bTANGWEI@c20100319 |
| 905 | @b0585874-78@dG640-53@e479@f5 | |
| 教育教学理论与方法探索/韦明主编.-成都:西南财经大学出版社,2009 |
| 355页;26cm |
| ISBN 978-7-81138-528-1:CNY48.00 |
| 本书收录由海南大学儋州校区管理学院教职工根据自身工作实践撰写的关于新时期高校教育教学改革的论文64篇,内容涉及教学改革、学科建设、课程教学、教学实践、素质教育等。 |
| ● |
| 相关链接 |
|
|
|
|
正题名:教育教学理论与方法探索
索取号:G640-53/479
 
预约/预借
| 序号 | 登录号 | 条形码 | 馆藏地/架位号 | 状态 | 备注 |
| 1 | 0585874 | 205858749 | 第一样本阅览室/ [索取号:G640-53/479] | 在馆 | |
| 2 | 0585875 | 205858758 | 第四借阅区/ [索取号:G640-53/479] | 在馆 | |
| 3 | 0585876 | 205858767 | 第四借阅区/ [索取号:G640-53/479] | 在馆 | |
| 4 | 0585877 | 205858776 | 教育系资料室/ [索取号:G640-53/479] | 在馆 | |
| 5 | 0585878 | 205858785 | 第四借阅区/ [索取号:G640-53/479] | 在馆 |